000 00561nam a2200157 a 4500
008 120416s1976 ||||||||||||||||| || u
050 _aHD 20.5 Cas
100 _aMore, P. G
245 1 0 _aCase studies in decision analysis
_cMore, P. G.[and others]
260 _aHarmondsworth
_bPenguin
_c[1976]
300 _a165p. : ill.
350 _a0.00
650 0 _aMANAGEMENT
650 _aDECISION ANALYSIS--MANAGEMENT
995 _D0.00
_FCBU-MAIN LIBRARY (Kitwe)
_H1
_I0.00
_M1
_UDAMAGED
_ZMain Library Open Access Collection
999 _c36783
_d36783